Joueurs Français ayant joué au Real Madrid - Statistiques

Statistiques générales
  • Ce quiz a été pris 443 fois
    388 depuis la dernière actualisation
  • Le résultat moyen est 12 sur 16
Statistiques - réponses
Ayant joué de Jusqu'à Club précédent Club suivant Matchs officiels Joueurs % Correct
01.07.2024 Paris Saint-Germain 59 Kylian Mbappé
96%
31.08.2021 Stade Rennais FC 180 Eduardo Camavinga
95%
01.07.2022 AS Monaco 146 Aurélien Tchouaméni
94%
09.07.2009 01.07.2023 Olympique Lyonnais Al-Ittihad Club 648 Karim Benzema
94%
17.01.2019 05.10.2020 Real Madrid Castilla Rayo Vallecano 2 Luca Zidane
92%
09.07.2001 10.07.2006 Juventus Turin Fin de carrière 227 Zinédine Zidane
92%
01.07.2019 Olympique Lyonnais 201 Ferland Mendy
83%
01.07.2011 14.08.2021 RC Lens Manchester United 360 Raphaël Varane
82%
01.07.1956 01.07.1959 Stade de Reims Stade de Reims 101 Raymond Kopa
63%
02.09.2019 11.08.2020 Paris Saint-Germain Paris Saint-Germain 9 Alphonse Areola
62%
05.07.2017 06.07.2019 Atlético de Madrid AC Milan 23 Theo Hernández
62%
02.08.1999 01.07.2000 Arsenal FC Paris Saint-Germain 33 Nicolas Anelka
61%
01.07.2000 31.08.2003 Celta Vigo Chelsea FC 145 Claude Makélélé
53%
01.01.2009 03.09.2012 FC Portsmouth Anzhi Makhachkala 116 Lassana Diarra
53%
31.01.2009 30.06.2009 West Ham United West Ham United 2 Julien Faubert
39%
07.01.1998 01.07.2000 UC Sampdoria Middlesbrough FC 82 Christian Karembeu
32%
Aucun quiz correspondant
Distribution des résultats
% des personnes avec chaque résultat
Percentile par nombre de réponses
Votre historique - résultats
Vous n’avez pas pris ce quiz depuis la dernière actualisation